000 00846nam a2200277Ia 4500
003 OSt
005 20221006154754.0
006 a|||||r|||| 00| 0
007 ta
008 221006b |||||||| |||| 00| 0 eng d
020 _a1929280068
_c
_27.37
024 _a39,253
037 _bGift, Japan Foundation
_cTextual
040 _aEASL
_cEASL
_beng
041 _2eng
_aeng
082 _aZ42,5ZA, P1
100 _aMinear Richard H.
_9648807
245 0 _aVictor's justice
_bThe Tokyo war crimes Trail
260 _aAnn Arbor
_bUniversity of Michigan
_c2001
300 _axxiv,230p.
_ccm.
490 _v JEL
_aMichigan classics in Japanese Studies, 22
650 _a Tokyo- Japan
_9667403
650 _aTokyo-Trial
942 _hZ42,5ZA, P1
_cTEXL
_2CC
999 _c1107339
_d1107339